[Event "ROM-ch U12 Girls"]
[Site "Calimanesti"]
[Date "2018.04.02"]
[Round "8"]
[White "Constantinescu, Diana Ioana"]
[Black "Pana, Alexandra Emilia"]
[Result "1-0"]
[WhiteElo "1001"]
[BlackElo "1015"]
[PlyCount "27"]
[EventDate "2018.03.27"]
[EventType "swiss"]
[EventRounds "9"]
[EventCountry "ROU"]
[SourceTitle "CBM 183 Extra"]
[Source "ChessBase"]
[SourceDate "2018.04.19"]
[SourceVersion "1"]
[SourceVersionDate "2018.04.19"]
[SourceQuality "1"]

1. e4 c5 2. c3 e6 3. Nf3 Nc6 4. d4 cxd4 5. cxd4 Nf6 6. Nc3 Bb4 7. Bd3 d5 8. e5 Ne4 9. 0-0 Nxc3 10. bxc3 Bxc3 11. Rb1 Nxd4 12. Nxd4 Bxd4 13. Qa4+ Qd7 14. Bb5 1-0

[Event "ROM-ch U12 Girls"]
[Site "Calimanesti"]
[Date "2018.03.29"]
[Round "3"]
[White "Cioc, Ruxandra Floriana"]
[Black "Constantinescu, Diana Ioana"]
[Result "1-0"]
[WhiteElo "1109"]
[BlackElo "1001"]
[PlyCount "20"]
[EventDate "2018.03.27"]
[EventType "swiss"]
[EventRounds "9"]
[EventCountry "ROU"]
[SourceTitle "CBM 183 Extra"]
[Source "ChessBase"]
[SourceDate "2018.04.19"]
[SourceVersion "1"]
[SourceVersionDate "2018.04.19"]
[SourceQuality "1"]

1. e4 e5 2. Nf3 Nc6 3. Bc4 Bc5 4. c3 Nf6 5. d3 d5 6. exd5 Nxd5 7. Qb3 Na5 8. Qb5+ c6 9. Qxc5 Nxc4 10. Qxc4 Nb6 1-0